Od logických obvodů k mikroprocesorům /

Salvato in:
Dettagli Bibliografici
Autori principali: Bernard, Jean-Michel (Autore), Hugon, Jean (Autore), Corvec, Robert, Le (Autore)
Natura: Libro
Lingua:ceco
Pubblicazione: Praha : SNTL, 1986
Edizione:1.vyd.
Soggetti:
Tags: Aggiungi Tag
Nessun Tag, puoi essere il primo ad aggiungerne!!

MARC

LEADER 00000nam a22000003a 4500
001 stu34728
005 20150617225729.5
008 920325s1986----cs------------------cze-d
040 |a STU  |b slo 
041 0 |a cze 
044 |a cs 
080 |a 681.325/.326  |7 stu_us_auth*stu6583 
100 1 |a Bernard, Jean-Michel  |4 aut 
245 1 |a Od logických obvodů k mikroprocesorům /  |c [aut.]MICJean-Michel Bernard, Jean Hugon, Robert Le Corvec; Z franc. kol 
250 |a 1.vyd. 
260 |a Praha :  |b SNTL,  |c 1986 
300 |a 686 s :  |b 1 príl 
650 7 |a Obvody logické  |2 stusub 
650 7 |a mikroprocesory  |2 stusub 
700 1 |a Hugon, Jean  |4 aut 
700 1 |a Corvec, Robert, Le  |4 aut 
996 |b 284M046046  |c M*781-1  |l MMKN  |s A  |a 24  |w stu34728_0001 
996 |b 284M046047  |c M*781-2  |l MMKN  |s A  |a 24  |w stu34728_0002 
996 |b 284M046045  |c M*781-3  |l MMKN  |s A  |a 24  |w stu34728_0003